000
00308nam a22001217a 4500
041
_a
ENG
100
_a
Singh .N.P
245
_a
Question Bank On agricultural Competitve Exams
260
_a
Delhi
_b
International Book
_c
2004
300
_a
927
650
_a
Competitlve Exam
856
_u
Competitlve Exam ( 36 )
999
_c
925
_d
925